00979nam a2200229 a 450000100100000000500170001000800410002702000180006804000250008608200190011110000360013024501030016626000410026930000280031050000600033865000290039865000310042770000430045891000370050195201940053899900170073200004613020240412074305.0150625s2008 dr a 000 j spa d a9789945445039 aDO-SdBNPbspacBNPHU aRD861.5bA174r1 aAcevedo Figuereo, Sheila97418710aRetozoz :bcuentos eróticos /cSheila Acevedo Figuereo ; ilustraciones Carlos Porfirio Gervacio. aSanto Domingo :bEditalibros,c2008. a102 p. :bil. ;c21 cm. aIncluye datos biográficos de la autora en las solapas 0aCuentos dominicanos9176 0aLiteratura dominicana.96712aGervacio, Carlos Porfirio,eil.972266 aValidado. Control de calidad MFF 0010718PDaPDbPDcHDd2015-06-25iLF1l0oRD861.5 A174rp46130-10r2020-06-25w2020-06-25yLFPDzPerteneció a la bilblioteca personal de Chiqui Vicioso Fidelio Despradel.ZNo se presta c45619d45619